| 000 | 00819nam0a22002171 4500 | ||
|---|---|---|---|
| 001 | rc\765151 | ||
| 005 | 20250622123831.0 | ||
| 035 | _a(NLR Aleph) 006292381 | ||
| 090 |
_a7163819 _c7163819 |
||
| 100 | _a20040301d1985 |||y0rusy50 ca | ||
| 101 | 0 | _arus | |
| 102 | _aRU | ||
| 105 | _ay ||||||||| | ||
| 200 | 1 |
_aУлучшение использования сырья на пищевые, кормовые и технические цели _eБиблиогр. указ. (1980-1985, выборочно 1978-1977) _fОНТИ ЦПКТБ Дальрыбы _gСост. Н.М. Красницкая и др. |
|
| 210 |
_aВладивосток _cБ. и. _d1985 (обл. 1986) |
||
| 215 |
_a[1], 51 л. _d27х14 |
||
| 801 | 0 |
_aRU _bNLR _gpsbo |
|
| 801 | 1 |
_aRU _bELAR _2rusmarc |
|
| 852 |
_aNLR _bС _jК-4/310 |
||
| 942 | _cBOOK | ||
| 980 | _aNB | ||